00787nam a2200217Ia 4500952010900000999001700109005001700126008004100143020001500184050002100199100003500220245010200255250001900357260003300376300001800409500002100427519005400448650002800502650002700530942001200557 00104070a22b22d2009-08-05l3oKGF409 R65 2007p06 000619r2019-05-11s2019-05-08t1w2012-06-26yLB c65068d6506820231102150854.0120626s2007 mx 000 0 spa d a9700760855 aKGF409bR65 2007 aRojina Villegas, Rafaeleautor aCompendio de derecho civil IIIb: teoría general de las obligacionesc / Rafael Rojina Villegas a27a. edición aMéxicob: Porrúac, 2007 a553 páginas aIncluye índice aMaterial Complementario /bDerecho /d(06 000619) aDERECHO CIVILxMÉXICO aOBLIGACIONES xDERECHO cLB2lcc